Composición y estructura geológica del Cajón del Cadillal, (Record no. 25283)

MARC details
000 -LEADER
fixed length control field 01008cam a22002291 4500
001 - CONTROL NUMBER
control field gs 13000563
003 - CONTROL NUMBER IDENTIFIER
control field DLC
005 - DATE AND TIME OF LATEST TRANSACTION
control field 20260227111314.0
008 - FIXED-LENGTH DATA ELEMENTS--GENERAL INFORMATION
fixed length control field 920520s1913 ag abf 000 0 spa c
010 ## - LIBRARY OF CONGRESS CONTROL NUMBER
LC control number gs 13000563
035 ## - SYSTEM CONTROL NUMBER
System control number (OCoLC)25847581
040 ## - CATALOGING SOURCE
Original cataloging agency Library, U.S. Geol. survey
Transcribing agency CSt
Modifying agency DLC
042 ## - AUTHENTICATION CODE
Authentication code premarc
050 00 - LIBRARY OF CONGRESS CALL NUMBER
Classification number QE231
Item number .K4
100 1# - MAIN ENTRY--PERSONAL NAME
Personal name Keidel, Hans,
Dates associated with a name 1877-
245 00 - TITLE STATEMENT
Title Composición y estructura geológica del Cajón del Cadillal,
Statement of responsibility, etc. por el doctor Juan Keidel ...
260 ## - PUBLICATION, DISTRIBUTION, ETC.
Place of publication, distribution, etc. Buenos Aires,
Name of publisher, distributor, etc. Talleres de publicaciones de la Dirección meteorológica,
Date of publication, distribution, etc. 1913.
300 ## - PHYSICAL DESCRIPTION
Extent 45 p.
Other physical details illus., fold. pl., fold. map.
Dimensions 27 cm.
490 0# - SERIES STATEMENT
Series statement Argentine Republic. Ministerio de agricultura. Sección geología, mineralogía y minería. Anales.
Volume/sequential designation tomo VIII, núm. 3
500 ## - GENERAL NOTE
General note At head of title: ... Dirección general de minas, geología é hidrología. Contribución al conocimiento geológico de la República Argentina. Informes y comunicaciones.
650 #0 - SUBJECT ADDED ENTRY--TOPICAL TERM
Topical term or geographic name entry element Geology
Geographic subdivision Argentina.

No items available.

Powered by Koha